Central Library OPAC University of Rajshahi

Father and son: (Record no. 23805)

MARC details
000 -LEADER
fixed length control field 01199cam a2200349 a 4500
001 - CONTROL NUMBER
control field 23805
003 - CONTROL NUMBER IDENTIFIER
rucl marc code BD-RjUL
005 - DATE AND TIME OF LATEST TRANSACTION
control field 20211209000955.0
008 - FIXED-LENGTH DATA ELEMENTS--GENERAL INFORMATION
fixed length control field 140311s1970 enk b 000 0aeng
020 ## - INTERNATIONAL STANDARD BOOK NUMBER
International Standard Book Number 0435133500
035 ## - SYSTEM CONTROL NUMBER
System control number (BD-RjUL)23870
System control number 331894
040 ## - CATALOGING SOURCE
Original cataloging agency LC
Language of cataloging eng
Transcribing agency LC
Modifying agency LC
-- BD-RjUL
041 ## - LANGUAGE CODE
Language code of text/sound track or separate title eng
082 00 - DEWEY DECIMAL CLASSIFICATION NUMBER
Classification number 828.809
Author mark and year GOF 1970
100 1# - MAIN ENTRY--PERSONAL NAME
Personal name Gosse, Edmund,
Dates associated with a name 1849-1928.
9 (RLIN) 23838
245 10 - TITLE STATEMENT
Title Father and son:
Remainder of title a study of two temperaments /
Statement of responsibility, etc. with introduction and notes by Cecil Ballantine.
260 ## - PUBLICATION, DISTRIBUTION, ETC. (IMPRINT)
Place of publication, distribution, etc. London :
Name of publisher, distributor, etc. Heinemann Educational,
Date of publication, distribution, etc. 1970.
300 ## - PHYSICAL DESCRIPTION
Pagination xxix, 224 p. ;
Size 19 cm.
504 ## - BIBLIOGRAPHY, ETC. NOTE
Bibliography, etc Bibliography: p. 207-208.
600 10 - SUBJECT ADDED ENTRY--PERSONAL NAME
Personal name Gosse, Edmund,
Dates associated with a name 1849-1928
General subdivision Childhood and youth.
Personal name Gosse, Philip Henry,
Dates associated with a name 1810-1888.
Personal name Gosse, Edmund,
Dates associated with a name 1849-1928
General subdivision Childhood and youth.
Personal name Gosse, Philip Henry,
Dates associated with a name 1810-1888.
650 #0 - SUBJECT ADDED ENTRY--TOPICAL TERM
Topical term or geographic name as entry element Authors, English
Chronological subdivision 19th century
General subdivision Biography.
9 (RLIN) 55720
651 #0 - SUBJECT ADDED ENTRY--GEOGRAPHIC NAME
Geographic name England
General subdivision Social life and customs
Chronological subdivision 19th century.
9 (RLIN) 73312
700 1# - ADDED ENTRY--PERSONAL NAME
Personal name Ballantine, Cecil.
942 ## - ADDED ENTRY ELEMENTS (KOHA)
Source of classification or shelving scheme Dewey Decimal Classification
Koha item type Books
Holdings
Lost status Source of classification or shelving scheme Damaged status Not for loan Permanent Location Current Location Shelving location Date acquired Source of acquisition Cost, normal purchase price Total Checkouts Full call number Date last seen Copy number Koha item type
  Dewey Decimal Classification   Added to bundle Central Library, University of Rajshahi Central Library, University of Rajshahi Reading Room 09/01/1975 Jonathan Wren & Co. 0.50   828.809 GOF 1970 11/03/2014 C-1 Books